Panchayati raj reforms in india: Power to the people at the grassroots (Record no. 140461)

MARC details
000 -LEADER
fixed length control field 00415nam a2200145Ia 4500
008 - FIXED-LENGTH DATA ELEMENTS--GENERAL INFORMATION
fixed length control field 230917s9999||||xx |||||||||||||| ||und||
040 ## - CATALOGING SOURCE
-- 113881
Original cataloging agency VIVEKANANDA LIBRARY
041 ## - Language
-- English
082 ## - DDC NUMBER
Classification number 352.054 P192P
100 ## - MAIN ENTRY--PERSONAL NAME
Personal name Sunder Ram, D, ed.
245 #0 - TITLE STATEMENT
Title Panchayati raj reforms in india: Power to the people at the grassroots
260 ## - PUBLICATION, DISTRIBUTION, ETC. (IMPRINT)
Place of publication, distribution, etc New Delhi
Name of publisher, distributor, etc Kanishka Publishers
Date of publication, distribution, etc 2007
300 ## - PHYSICAL DESCRIPTION
Pages xvi, 327 p.
942 ## - ADDED ENTRY ELEMENTS (KOHA)
Koha item type Books
Holdings
Withdrawn status Lost status Damaged status Not for loan Location (home branch) Sublocation or collection (holding branch) Date acquired Koha issues (times borrowed) Koha full call number Accession No. Koha date last seen Koha item type
        VIVEKANANDA LIBRARY VIVEKANANDA LIBRARY 24/02/2008   352.054 P192P 244583 17/09/2023 Books
        VIVEKANANDA LIBRARY VIVEKANANDA LIBRARY 24/02/2008   352.054 P192P 255482 17/09/2023 Books
        VIVEKANANDA LIBRARY VIVEKANANDA LIBRARY 24/02/2008   352.054 P192P 261845 17/09/2023 Books
© Designed and Maintained by Vivekananda Library, MDU Rohtak